Effectif Portugal - Euro 2021 - Statistiques

Statistiques générales
  • Ce quiz a été pris 22 fois
  • Le résultat moyen est 22 sur 27
Statistiques - réponses
POSTE CLUB NUMERO JOUEUR % Correct
ATT Eintracht Francfort 9 André Silva
100%
G Olympique Lyonnais 12 Anthony Lopes
100%
MIL Manchester City 10 Bernardo Silva
100%
MIL Manchester United 11 Bruno Fernandes
100%
ATT Liverpool 21 Diogo Jota
100%
ATT SL Benfica 15 Rafa Silva
100%
G Wolverhampton 1 Rui Patrício
100%
G Grenade CF 22 Rui Silva
100%
ATT Juventus 7 Cristiano Ronaldo
95%
DEF FC Porto 3 Pepe
95%
DEF Borussia Dortmund 5 Raphaël Guerreiro
95%
DEF Manchester City 4 Rúben Dias
95%
MIL PSG 13 Danilo Pereira
90%
DEF LOSC 6 José Fonte
90%
MIL Wolverhamton 18 Rúben Neves
90%
ATT Valence CF 17 Gonçalo Guedes
85%
MIL Wolverhampton 8 João Moutinho
80%
DEF Wolverhampton 2 Nélson Semedo
80%
DEF Sporting CP 25 Nuno Mendes
80%
MIL LOSC 16 Renato Sanches
80%
MIL Bétis Séville 14 William Carvalho
80%
ATT Atlético Madrid 23 João Félix
70%
DEF AC Milan 20 Diogo Dalot
55%
COACH - - Fernando Santos
55%
MIL Sporting CP 19 Pedro Gonçalves
45%
MIL FC Porto 24 Sérgio Oliveira
25%
MIL Sporting CP 26 João Palhinha
15%
Aucun quiz correspondant
Distribution des résultats
% des personnes avec chaque résultat
Percentile par nombre de réponses
Votre historique - résultats
Vous n’avez pas pris ce quiz